000 00295nam a22001217a 4500
008 170925b xxu||||| |||| 00| 0 eng d
041 _aeng
080 _a37
100 _a46
101 _aEDU
245 _aHOW TO STUDY AND OTHER SKILLS SUCCESS IN COLLEGE
_cDEESE.J
942 _2udc
_cBK
999 _c29541
_d29541